[Event "Reykjavik op"]
[Site "Reykjavik"]
[Date "2016.03.13"]
[Round "7"]
[White "Hoogland, Mike"]
[Black "Papp, Petra"]
[Result "1-0"]
[WhiteElo "2087"]
[BlackElo "2325"]
[PlyCount "101"]
[EventDate "2016.03.08"]
[EventType "swiss"]
[EventRounds "10"]
[EventCountry "ISL"]
[SourceTitle "CBM 171 Extra"]
[Source "ChessBase"]
[SourceDate "2016.04.26"]
[SourceVersion "1"]
[SourceVersionDate "2016.04.26"]
[SourceQuality "1"]

1. d4 Nf6 2. c4 g6 3. Nc3 d5 4. cxd5 Nxd5 5. e4 Nxc3 6. bxc3 Bg7 7. Nf3 c5 8. Rb1 0-0 9. Be2 Nc6 10. d5 Ne5 11. Nxe5 Bxe5 12. Qd2 e6 13. f4 Bg7 14. c4 Re8 15. e5 f6 16. dxe6 Qxd2+ 17. Bxd2 fxe5 18. 0-0 exf4 19. Bxf4 Bxe6 20. Rxb7 Bd4+ 21. Kh1 Bc8 22. Bf3 Bxb7 23. Bxb7 Rad8 24. Bd5+ Kh8 25. h4 Kg7 26. Rb1 Bf6 27. Rb7+ Kh8 28. Rb5 h6 29. Bg3 Bd4 30. a4 Rf8 31. a5 Rf1+ 32. Kh2 Ra1 33. Bd6 Rd7 34. Bxc5 Be5+ 35. g3 a6 36. Rb3 Rxa5 37. Bb6 Ra2+ 38. Kh3 Rb2 39. Rxb2 Bxb2 40. Kg4 Be5 41. h5 gxh5+ 42. Kxh5 Rd6 43. Bc5 Rf6 44. g4 a5 45. g5 hxg5 46. Kxg5 Bb2 47. Be7 Rf2 48. c5 a4 49. c6 Bf6+ 50. Bxf6+ Rxf6 51. Kxf6 1-0

[Event "Vlissingen HZ op 18th"]
[Site "Vlissingen"]
[Date "2014.08.07"]
[Round "7"]
[White "Michalczak, Thomas"]
[Black "Hoogland, Mike"]
[Result "1-0"]
[WhiteElo "2230"]
[BlackElo "2020"]
[PlyCount "81"]
[EventDate "2014.08.02"]
[EventType "swiss"]
[EventRounds "9"]
[EventCountry "NED"]
[SourceTitle "CBM 161 Extra"]
[Source "ChessBase"]
[SourceDate "2014.08.29"]
[SourceVersion "1"]
[SourceVersionDate "2014.08.29"]
[SourceQuality "1"]

1. e4 c5 2. c3 Nf6 3. e5 Nd5 4. Nf3 Nc6 5. Bc4 Nb6 6. Bb3 c4 7. Bc2 Qc7 8. 0-0 Nxe5 9. Nxe5 Qxe5 10. Re1 Qc7 11. Na3 a6 12. d3 e6 13. Qg4 h5 14. Qg5 cxd3 15. Bxd3 Qc5 16. Re5 Qe7 17. Qe3 Nd5 18. Qf3 d6 19. Bg5 f6 20. Bg6+ Kd8 21. Rxd5 fxg5 22. Rxd6+ Qxd6 23. Rd1 Qxd1+ 24. Qxd1+ Bd7 25. Nc4 Kc7 26. Ne5 Bc6 27. Nf7 Bc5 28. b4 Rad8 29. Qe1 Bb6 30. Nxh8 Rxh8 31. Qe5+ Kc8 32. Qxe6+ Kb8 33. Qe5+ Ka7 34. c4 Rd8 35. Bxh5 Bd4 36. Qxg5 Bf6 37. Qc5+ Ka8 38. b5 axb5 39. cxb5 Be4 40. Qa3+ Kb8 41. b6 1-0

[Event "FICGS class C 000059 email"]
[Site "FICGS email"]
[Date "2007.09.14"]
[Round "1"]
[White "Hoogland, Mike"]
[Black "Deline, Ralph"]
[Result "0-1"]
[WhiteElo "1760"]
[BlackElo "1759"]
[PlyCount "40"]
[EventDate "2007.??.??"]
[EventType "tourn (corr)"]
[EventRounds "4"]
[SourceTitle "Corr 2022"]
[Source "ChessBase"]
[SourceDate "2021.10.24"]
[SourceVersion "1"]
[SourceVersionDate "2021.10.24"]
[SourceQuality "1"]

1. d4 d5 2. c4 c6 3. Nf3 Nf6 4. e3 Bf5 5. Nc3 e6 6. Nh4 Bg6 7. Nxg6 hxg6 8. Bd2 Nbd7 9. Rc1 Bd6 10. g3 dxc4 11. Bxc4 Nb6 12. Bb3 Nbd5 13. Qf3 Nxc3 14. Bxc3 Nd5 15. Bd2 Qf6 16. Qxf6 Nxf6 17. Ke2 a5 18. a3 a4 19. Bd1 Kd7 20. Kd3 e5 0-1

[Event "FICGS class C 000051 email"]
[Site "FICGS email"]
[Date "2007.07.22"]
[Round "1"]
[White "Gun, Puk Kho"]
[Black "Hoogland, Mike"]
[Result "1-0"]
[WhiteElo "1700"]
[BlackElo "1700"]
[PlyCount "29"]
[EventDate "2007.??.??"]
[EventType "tourn (corr)"]
[EventRounds "4"]
[SourceTitle "Corr 2022"]
[Source "ChessBase"]
[SourceDate "2021.10.24"]
[SourceVersion "1"]
[SourceVersionDate "2021.10.24"]
[SourceQuality "1"]

1. Nf3 d5 2. d4 Nf6 3. c4 c6 4. e3 Bg4 5. cxd5 cxd5 6. Qb3 Qc7 7. Nc3 Bxf3 8. gxf3 e6 9. Rg1 Nc6 10. Bd2 g6 11. Rc1 Be7 12. Bd3 0-0 13. Rg2 Rac8 14. Kf1 Na5 15. Qc2 1-0

[Event "FICGS W-ch st1 g08 email"]
[Site "FICGS email"]
[Date "2007.07.11"]
[Round "1"]
[White "Hoogland, Mike"]
[Black "O Brien, Glenn"]
[Result "1-0"]
[WhiteElo "1700"]
[BlackElo "1391"]
[PlyCount "63"]
[EventDate "2007.??.??"]
[EventType "tourn (corr)"]
[EventRounds "8"]
[SourceTitle "Corr 2022"]
[Source "ChessBase"]
[SourceDate "2021.10.24"]
[SourceVersion "1"]
[SourceVersionDate "2021.10.24"]
[SourceQuality "1"]

1. d4 d5 2. c4 e6 3. Nc3 Nf6 4. Nf3 c6 5. e3 Nbd7 6. Qc2 Bd6 7. g4 Nxg4 8. Rg1 Nxh2 9. Nxh2 Bxh2 10. Rxg7 Nf8 11. Rg2 Bd6 12. e4 dxe4 13. Nxe4 Ng6 14. Nxd6+ Qxd6 15. Bg5 Qxd4 16. Be2 0-0 17. Be3 Qh4 18. 0-0-0 Rd8 19. Bg5 Qd4 20. Rxd4 Rxd4 21. Bf6 Rf4 22. Qc3 c5 23. Bh8 f6 24. Bxf6 Kf7 25. Bg5 Rf5 26. Bd3 Nf4 27. Bxf4 Rxf4 28. Qe5 Rxc4+ 29. Bxc4 a6 30. Rg7+ Ke8 31. Rxh7 b5 32. Qh8# 1-0

[Event "FICGS W-ch st1 g08 email"]
[Site "FICGS email"]
[Date "2007.07.11"]
[Round "1"]
[White "Rotaru, Dan"]
[Black "Hoogland, Mike"]
[Result "1/2-1/2"]
[WhiteElo "2110"]
[BlackElo "1700"]
[PlyCount "61"]
[EventDate "2007.??.??"]
[EventType "tourn (corr)"]
[EventRounds "8"]
[SourceTitle "Corr 2022"]
[Source "ChessBase"]
[SourceDate "2021.10.24"]
[SourceVersion "1"]
[SourceVersionDate "2021.10.24"]
[SourceQuality "1"]

1. d4 Nf6 2. c4 e6 3. Nc3 Bb4 4. Qc2 0-0 5. e4 c5 6. a3 Qa5 7. axb4 Qxa1 8. bxc5 b6 9. Nf3 Bb7 10. Bd3 Na6 11. 0-0 Nb4 12. Qe2 Qa6 13. Bb1 bxc5 14. e5 Ne8 15. Bxh7+ Kxh7 16. Ng5+ Kg6 17. Qg4 f6 18. Nxe6+ Kf7 19. Nxc5 Qc6 20. Nxd7 Qxc4 21. exf6 Nxf6 22. Nxf6 Kxf6 23. Re1 Kf7 24. Qd7+ Kg8 25. Re7 Rf7 26. Qxb7 Rxe7 27. Qxe7 Nd3 28. Be3 Nxb2 29. Ne4 Qf7 30. Qg5 Rf8 31. d5 1/2-1/2